The concise Oxford dictionary of mathematics /

Wedi'i Gadw mewn:
Manylion Llyfryddiaeth
Prif Awdur: Clapham, Christopher.
Fformat: Llyfr
Iaith:English
Cyhoeddwyd: New York : Oxford University Press, 1996.
Pynciau:
Tagiau: Ychwanegu Tag
Dim Tagiau, Byddwch y cyntaf i dagio'r cofnod hwn!
Thư viện lưu trữ: Mạng thư viện Đại học Đà Nẵng
LEADER 00858cam a2200337 i 4500
001 000045616
003 4808
005 20030228150140.0
008 010220|1996 vm 000 eng
020 |a 0192800418 
040 |a IRC  |c IRC  |d IRC 
041 0 |a eng 
082 1 4 |a 510.3  |b CL-C 
100 1 |a Clapham, Christopher. 
245 0 4 |a The concise Oxford dictionary of mathematics /  |c Christopher Clapham. 
260 |a New York :  |b Oxford University Press,  |c 1996. 
300 |a 312p. 
630 0 4 |a Dictionary. 
630 0 4 |a Mathematics. 
630 0 4 |a Oxford ditionary. 
650 0 4 |a Mathematics  |v Dictionaries. 
OWN |a DUT 
999 |a From the UDN01 
TYP |a Monograph 
TYP |a Printed language 
980 |a Mạng thư viện Đại học Đà Nẵng